| 000 | 02714nam a2200277 a 4500 | ||
|---|---|---|---|
| 001 | 1930729 | ||
| 003 | AM-YEHGA | ||
| 005 | 20250618080150.0 | ||
| 008 | 231116s2023 ai a||||||||||||||0|arm|d | ||
| 022 | _a9789939117546 | ||
| 040 | _aAM-YeHGA | ||
| 041 | 0 |
_aarm _arus _aeng |
|
| 245 | 0 | 1 |
_a«Ափինյանական ընթերցումներ․Ավանդական երաժշտության արդի հիմնախնդիրները» : _bՄիջազգային գիտաժողով՝ նվիրված Երևանի Կոմիտասի անվան պետական կոնսերվատորիայի Գյումրու մասնաճյուղի հիմնադրման 25-ամյակին ։ 12-13 նոյեմբերի 2022, Գյումրի ։ Հոդվածների ժողովածու = ''Апиняновские чтения : Актуальные проблемы традиционной музыки'' = ''Apinian readings: Modern fundamentals of traditional music'' / _cՀՀ ԳԱԱ, Շիրակի հայագիտական հետազոտությունների կենտրոն ; Գլխավոր խմբ.՝ Ս. Հայրապետյան. |
| 246 | 1 | 5 |
_a''Апиняновские чтения : Актуальные проблемы традиционной музыки'' : _bМеждународная научная конференция посвященная 25-летию Гюмрийского филиала Ереванской государственной консерватории имени Комитаса : 12-13 ноября, 2022 : Гюмри |
| 246 | 1 | 5 |
_a''Apinian readings: Modern fundamentals of traditional music'' : _bInternational conference Dedicated to the 25th anniversary of Yerevan Komitas State Conservatory : November 12-13, 2022, Gyumri / |
| 260 |
_aԳյումրի : _aԵրևան : _bԳիտություն, _c2023. _fԵգեա |
||
| 300 |
_a280 էջ : _bնոտա ; _c21 սմ. |
||
| 504 | _aՄատենագիտությունը՝ յուրաքանչյուր հոդվածից հետո։ | ||
| 546 | _aԲնագիրը՝ հայերեն, կան նաև անգլերեն և ռուսերեն լեզվով հոդվածներ: | ||
| 650 | 1 | 0 |
_aԵրաժշտություն _xԳիտաժողովներ _vՀոդվածների ժողովածուներ |
| 700 | 1 |
_aՀայրապետյան, Սերգո _eխմբագիր _4edt _96894 |
|
| 710 | 2 |
_aՀՀ գիտությունների ազգային ակադեմիա : _bՇիրակի հայագիտական հետազոտությունների կենտրոն |
|
| 711 | 2 |
_a«Ափինյանական ընթերցումներ․ Ավանդական երաժշտության արդի հիմնախնդիրները» _d(12-13 նոյեմբերի 2022, _cԳյումրի) |
|
| 942 |
_2udc _cBK |
||
| 090 | _c570109 | ||
| 999 |
_c531349 _d531349 |
||